000 00614nam a2200193Ia 4500
001 18938
003 GE_BSU
008 181216s||||||||xx |||||||||||||| ||und||
040 _cGE_BSU
245 _aМировая экономика и международные отношения №3 март.2016.
245 _cГл.ред.А.В Рябов.
260 _aМосква
260 _bНаука
260 _c2016
300 _a128стр,29см
520 _aвыходоит 12 раз в год
653 _aМировая экономика и международные отношения
942 _cCR
999 _c51938
_d51938